| 000 | 00923cam a2200277 4500 | ||
|---|---|---|---|
| 008 | 000000n1996 000 0 eng u | ||
| 020 | _a1850746583 | ||
| 035 | _a(Sirsi) u107251 | ||
| 110 |
_aEnglish Heritage _92714 |
||
| 245 | 4 | _aThe value of conservation? A literature reveiw of the economic and social value of the cultural built heritage | |
| 260 |
_aLondon _bEnglish Heritage _c1996 |
||
| 300 | _aix, 50p. ; 30cm. | ||
| 350 | _a6.50 | ||
| 520 | _aPublished in association with the Department for Culture, Media and Sport and the RICS. | ||
| 650 | _aCONSERVATION | ||
| 650 | _aHISTORIC BUILDINGS | ||
| 650 | _aCULTURAL HERITAGE | ||
| 650 | _aURBAN CONSERVATION | ||
| 650 | _aRICS | ||
| 650 |
_aEnvironment _96238 |
||
| 690 |
_aConservation & restoration _96229 |
||
| 700 | _aAllison, Gerald | ||
| 700 | _aBall, Susan | ||
| 710 |
_aRoyal Institution of Chartered Surveyors _94900 |
||
| 942 |
_n0 _2ddc |
||
| 999 |
_c100670 _d100670 |
||